The Fifth Mountain (Record no. 9317)

MARC details
000 -LEADER
fixed length control field 00370nam a22001457a 4500
008 - FIXED-LENGTH DATA ELEMENTS--GENERAL INFORMATION
fixed length control field 230227b |||||||| |||| 00| 0 eng d
020 ## - INTERNATIONAL STANDARD BOOK NUMBER
International Standard Book Number 978-0-00-854734-9
082 ## - DEWEY DECIMAL CLASSIFICATION NUMBER
Classification number 813.54
100 ## - MAIN ENTRY--PERSONAL NAME
Personal name Paulo Coelho
245 ## - TITLE STATEMENT
Title The Fifth Mountain
Statement of responsibility, etc. Paulo Coelho
260 ## - PUBLICATION, DISTRIBUTION, ETC.
Name of publisher, distributor, etc. Thorsons,
Date of publication, distribution, etc. 2022
300 ## - PHYSICAL DESCRIPTION
Extent 244 p.
Dimensions 20 cm
942 ## - Added entry Elements (Koha)
Source of classification or shelving scheme Dewey Decimal Classification
Holdings
Withdrawn status Lost status Source of classification or shelving scheme Damaged status Not for loan Collection code Home library Current library Shelving location Date acquired Serial Enumeration / chronology Total Checkouts Total Renewals Full call number Barcode Date last seen Date last checked out Price effective from Koha item type
    Dewey Decimal Classification     Fiction RTC Library RTC Library Fiction 27/02/2023 177102 6 7 FIC 813.54 COE 30018035 03/03/2026 17/02/2026 27/02/2023 Fiction
Royal Thimphu College || All Right Reserved